| 000 -LEADER |
| fixed length control field |
01325cam a2200385 a 4500 |
| 001 - CONTROL NUMBER |
| control field |
9060116 |
| 003 - CONTROL NUMBER IDENTIFIER |
| control field |
USPCAS-E |
| 005 - DATE AND TIME OF LATEST TRANSACTION |
| control field |
20180118181415.0 |
| 006 - FIXED-LENGTH DATA ELEMENTS--ADDITIONAL MATERIAL CHARACTERISTICS |
| fixed length control field |
m d |
| 007 - PHYSICAL DESCRIPTION FIXED FIELD--GENERAL INFORMATION |
| fixed length control field |
cr n |
| 008 - FIXED-LENGTH DATA ELEMENTS--GENERAL INFORMATION |
| fixed length control field |
101022s2011 nyua sb 001 0 eng d |
| 020 ## - INTERNATIONAL STANDARD BOOK NUMBER |
| International Standard Book Number |
9781441981639 |
| 035 ## - SYSTEM CONTROL NUMBER |
| System control number |
(WaSeSS)ssj0000508089 |
| 040 ## - CATALOGING SOURCE |
| Original cataloging agency |
DLC |
| Transcribing agency |
DLC |
| Modifying agency |
DLC |
| -- |
WaSeSS |
| 042 ## - AUTHENTICATION CODE |
| Authentication code |
pcc |
| 050 #4 - LIBRARY OF CONGRESS CALL NUMBER |
| Classification number |
QC176 |
| Item number |
.H86 2011 |
| 050 #4 - LIBRARY OF CONGRESS CALL NUMBER |
| Classification number |
QC176 |
| 082 00 - DEWEY DECIMAL CLASSIFICATION NUMBER |
| Classification number |
530.41 |
| Edition number |
23 |
| Author Mark |
HUM-E 2011 |
| 100 1# - MAIN ENTRY--PERSONAL NAME |
| Personal name |
Hummel, Rolf E., |
| Dates associated with a name |
1934- |
| 210 10 - ABBREVIATED TITLE |
| Abbreviated title |
Electronic properties of materials |
| 245 10 - TITLE STATEMENT |
| Title |
Electronic properties of materials |
| Medium |
[electronic resource] / |
| Statement of responsibility, etc. |
Rolf E. Hummel. |
| 250 ## - EDITION STATEMENT |
| Edition statement |
4th ed. |
| 260 ## - PUBLICATION, DISTRIBUTION, ETC. |
| Place of publication, distribution, etc. |
New York : |
| Name of publisher, distributor, etc. |
Springer, |
| Date of publication, distribution, etc. |
c2011. |
| 502 ## - DISSERTATION NOTE |
| Dissertation note |
0 |
| 504 ## - BIBLIOGRAPHY, ETC. NOTE |
| Bibliography, etc. note |
Includes bibliographical references and index. |
| 506 ## - RESTRICTIONS ON ACCESS NOTE |
| Terms governing access |
License restrictions may limit access. |
| 650 #0 - SUBJECT ADDED ENTRY--TOPICAL TERM |
| Topical term or geographic name entry element |
Solid-state physics. |
| 650 #0 - SUBJECT ADDED ENTRY--TOPICAL TERM |
| Topical term or geographic name entry element |
Energy-band theory of solids. |
| 650 #0 - SUBJECT ADDED ENTRY--TOPICAL TERM |
| Topical term or geographic name entry element |
Electronics |
| General subdivision |
Materials. |
| 650 #0 - SUBJECT ADDED ENTRY--TOPICAL TERM |
| Topical term or geographic name entry element |
Electrical engineering |
| General subdivision |
Materials. |
| 773 #0 - HOST ITEM ENTRY |
| Title |
SpringerLink ebooks - Chemistry and Materials Science (2011) |
| 856 40 - ELECTRONIC LOCATION AND ACCESS |
| Uniform Resource Identifier |
<a href="http://www.columbia.edu/cgi-bin/cul/resolve?clio9060116">http://www.columbia.edu/cgi-bin/cul/resolve?clio9060116</a> |
| Public note |
Full text available from SpringerLink ebooks - Chemistry and Materials Science (2011) |
| 910 ## - USER-OPTION DATA (OCLC) |
| User-option data |
Library of Congress record |
| 942 ## - ADDED ENTRY ELEMENTS (KOHA) |
| Source of classification or shelving scheme |
|
| Koha item type |
Book |